00495nmm a2200169Ia 4500008004100000020001800041041000800059100001800067245004600085264006400131300001700195490001100212650002600223856005200249942000700301999001700308251105s9999||||xx |||||||||||||||||und|| a9786078918690 aspa aVadillo, Juan 0aTu cuerpo es un jardín de mil instantes a[México D.C., Mexico] :bBonilla Artigas Editores, c2023 a66 páginas aBonArt aLatin American poetry uhttps://public.digitaliapublishing.com/a/137093 cCF c75950d75950